000 01231nam a2200313 i 4500
003 DO-SdBNP
005 20250204084506.0
007 ta
008 240226s2012 dr c 000 j spa d
020 _a9789945404739
040 _aDO-SdBNP
_bspa
_cBNPHU
_erda
082 _axxx
_bG216
_222
100 _aGarcía Vásquez, Antonio,
_d1943-
_eautor
_4aut.
_973841
245 1 3 _aEl 30 de mayo es una fecha sin padrino /
_cAntonio García Vásquez ; asesor, Bernardo Vega ; coordinador editorial, Héctor Luis Martínez ; edición, León Félix Batista
264 1 _aSanto Domingo :
_bMinisterio de Cultura,
_bNacional,
_c2012.
300 _a139 páginas :
_bretratos ;
_c23 cm.
336 _atexto
_btxt
_2rdacontent
337 _asin mediación
_bn
_2rdamedia
338 _avolumen
_bnc
_2rdacarrier
490 _aColección 30 de mayo: Puerta a la libertad
500 _aIncluye datos biografícos del autor en la solapa de la cubierta.
500 _aColección especial.
590 _aInventariado, 2024/ YL
700 1 _aVega, Bernardo,
_easesor
_4as.
_985095
700 1 _aMartínez, Héctor Luis
_ecoordinador editorial
_99580
700 1 _aFélix Batista, León
_eedición
_985096
910 _aYLockward
942 _2ddc
_cLBS1
999 _c56203
_d56203